Central Library OPAC University of Rajshahi

Chemistry for biologists / (Record no. 37207)

MARC details
000 -LEADER
fixed length control field 01129nam a2200313 a 4500
001 - CONTROL NUMBER
control field 37207
003 - CONTROL NUMBER IDENTIFIER
rucl marc code BD-RjUL
005 - DATE AND TIME OF LATEST TRANSACTION
control field 20211209052605.0
008 - FIXED-LENGTH DATA ELEMENTS--GENERAL INFORMATION
fixed length control field 141112r20011999enka b 001 0 eng
020 ## - INTERNATIONAL STANDARD BOOK NUMBER
International Standard Book Number 1859962416
International Standard Book Number 038791563X (softcover : alk. paper)
035 ## - SYSTEM CONTROL NUMBER
System control number (BD-RjUL)37309
040 ## - CATALOGING SOURCE
Original cataloging agency DLC
Transcribing agency DLC
Modifying agency DLC
-- BD-RjUL
Language of cataloging eng
041 ## - LANGUAGE CODE
Language code of text/sound track or separate title eng
082 00 - DEWEY DECIMAL CLASSIFICATION NUMBER
Classification number 540.2457
Edition number 21
Author mark and year FIC 2001
100 1# - MAIN ENTRY--PERSONAL NAME
Personal name Fisher, J.
Fuller form of name (Julie)
9 (RLIN) 113921
245 10 - TITLE STATEMENT
Title Chemistry for biologists /
Statement of responsibility, etc. J. Fisher & J.R.P. Arnold.
246 1# - VARYING FORM OF TITLE
Title proper/short title Instant notes in chemistry for biologists
260 ## - PUBLICATION, DISTRIBUTION, ETC. (IMPRINT)
Place of publication, distribution, etc. Oxford, UK :
Name of publisher, distributor, etc. BIOS Scientific ;
Place of publication, distribution, etc. New York, USA :
Name of publisher, distributor, etc. Distributed exclusively in the U.S. by Springer-Verlag New York,
Date of publication, distribution, etc. 1999 [Reprinted 2001].
300 ## - PHYSICAL DESCRIPTION
Pagination ix, 246 p. :
Illustrations ill. ;
Size 25 cm.
500 ## - GENERAL NOTE
General note On label on t.p. verso: ISBN 0-387-91563-X
504 ## - BIBLIOGRAPHY, ETC. NOTE
Bibliography, etc Includes bibliographical references and index.
650 #0 - SUBJECT ADDED ENTRY--TOPICAL TERM
Topical term or geographic name as entry element Chemistry
General subdivision Outlines, syllabi, etc.
9 (RLIN) 113923
700 1# - ADDED ENTRY--PERSONAL NAME
Personal name Arnold, J. R. P.
Fuller form of name (John R. P.)
942 ## - ADDED ENTRY ELEMENTS (KOHA)
Source of classification or shelving scheme Dewey Decimal Classification
Koha item type Books
Holdings
Lost status Source of classification or shelving scheme Damaged status Not for loan Permanent Location Current Location Shelving location Date acquired Cost, normal purchase price Total Checkouts Full call number Date last seen Copy number Koha item type
  Dewey Decimal Classification   Not For Loan Institute of Biological Sciences (IBSc) Library Institute of Biological Sciences (IBSc) Library   12/11/2014 195.00   540.2457 FIC 2001 12/11/2014 C-1 Books